| 000 | 00848cam a2200181 4500 | ||
|---|---|---|---|
| 008 | 000000n2000 000 0 eng u | ||
| 035 | _a(Sirsi) u108519 | ||
| 245 | _aRDAs need new powers | ||
| 260 | _c2000 | ||
| 490 |
_aUrban Environment Today _v(105) 21 September 2000, 4(1) |
||
| 520 | _aWith the significant loss of the Partnership Investment Programme funding, the Regional Development Agencies need new land assembly and borrowing powers to aid their promotion of direct development. Copies of "The implication of European Commission ruling on gap funding schemes for urban regeneration in England" are £13.60 from the Stationery Office. Tel: 0870 600 5522. | ||
| 650 | _aREGIONAL DEVELOPMENT AGENCIES | ||
| 650 | _aPARTNERSHIP INVESTMENT PROGRAMME | ||
| 650 | _aPIP | ||
| 650 | _aFUNDING | ||
| 690 | _aREGENERATION | ||
| 942 | _n0 | ||
| 999 |
_c64801 _d64801 |
||